| 000 | 00355 a2200157 4500 | ||
|---|---|---|---|
| 001 | 161563 | ||
| 020 | _a | ||
| 040 | _cMagnum | ||
| 100 | _aBatista, Zizinha | ||
| 240 | 1 | 0 |
_aDe bode a vaca/au...au...e miau...miau _lpor |
| 245 | 1 | 0 | _aDe bode a vaca/au...au...e miau...miau |
| 362 | 0 | _a1899 | |
| 440 | 1 | _aDo Brasil | |
| 697 | _aI/GERAL | ||
| 942 | _cBK | ||
| 999 |
_c161563 _d161563 |
||